MARC details
| 000 -CABECERA |
| campo de control de longitud fija |
02861cam a2200325 i 4500 |
| 001 - NÚMERO DE CONTROL |
| campo de control |
21868923 |
| 005 - FECHA Y HORA DE LA ÚLTIMA TRANSACCIÓN |
| campo de control |
20260227125402.0 |
| 006 - CÓDIGOS DE INFORMACIÓN DE LONGITUD FIJA--CARACTERÍSTICAS DEL MATERIAL ADICIONAL |
| campo de control de longitud fija |
m |o d | |
| 007 - CAMPO FIJO DE DESCRIPCIÓN FÍSICA--INFORMACIÓN GENERAL |
| campo de control de longitud fija |
cr ||||||||||| |
| 008 - DATOS DE LONGITUD FIJA--INFORMACIÓN GENERAL |
| campo de control de longitud fija |
201217s2022 nyu ob 001 0 eng |
| 010 ## - NÚMERO DE CONTROL DE LA BIBLIOTECA DEL CONGRESO |
| Número de control de LC |
2020057177 |
| 020 ## - NÚMERO INTERNACIONAL ESTÁNDAR DEL LIBRO |
| Número Internacional Estándar del Libro |
9781138914407 |
| 035 ## - NÚMERO DE CONTROL DEL SISTEMA |
| Número de control de sistema |
21868923 |
| 040 ## - FUENTE DE LA CATALOGACIÓN |
| Centro catalogador/agencia de origen |
DLC |
| Lengua de catalogación |
eng |
| Centro/agencia transcriptor |
DLC |
| Normas de descripción |
rda |
| Centro/agencia modificador |
DLC |
| 041 ## - CÓDIGO DE LENGUA |
| Código de lengua del texto/banda sonora o título independiente |
English |
| 042 ## - CÃDIGO DE AUTENTICACIÃN |
| Código de autenticación |
pcc |
| 050 10 - SIGNATURA TOPOGRÁFICA DE LA BIBLIOTECA DEL CONGRESO |
| Número de clasificación |
P90 |
| 100 ## - ENTRADA PRINCIPAL--NOMBRE DE PERSONA |
| Nombre de persona |
Long, Paul, |
| Fechas asociadas al nombre |
1967- |
| Término indicativo de función/relación |
author. |
| 245 10 - MENCIÓN DE TÍTULO |
| Título |
Media studies |
| Resto del título |
: texts, production, context |
| Mención de responsabilidad, etc. |
/ Paul Long, Beth Johnson, Shana MacDonald, Schem Rogerson, and Tim Wall ; with Vian Bakir and Andrew McStay. |
| 250 ## - MENCIÓN DE EDICIÓN |
| Mención de edición |
Third edition. |
| 264 #1 - PRODUCCIÓN, PUBLICACIÓN, DISTRIBUCIÓN, FABRICACIÓN Y COPYRIGHT |
| Producción, publicación, distribución, fabricación y copyright |
London ; |
| -- |
New York : |
| Nombre del de productor, editor, distribuidor, fabricante |
Routledge, Taylor & Francis Group, |
| Fecha de producción, publicación, distribución, fabricación o copyright |
2022. |
| 300 ## - DESCRIPCIÓN FÍSICA |
| Extensión |
xviii, 414 p. : ill ; 27 cm. |
| 500 ## - NOTA GENERAL |
| Nota general |
Revised edition of Media studies. |
| 504 ## - NOTA DE BIBLIOGRAFÍA, ETC. |
| Nota de bibliografía, etc. |
Includes bibliographical references and index. |
| 505 ## - NOTA DE CONTENIDO CON FORMATO |
| Nota de contenido con formato |
How do media make meaning? — Organising meaning in media texts: genre and narrative — Media representations — Reality media — The business of the media — Media regulation and policy — Media production in a global age — Producing audiences: what do media do to people? — Investigating audiences: what do people do with media? — Media power — Conceptualising mass society — Modernism, postmodernism and after — The consumer society and advertising — Media histories. |
| 520 ## - SUMARIO, ETC. |
| Sumario, etc. |
This thoroughly revised and updated third edition provides a comprehensive introduction to the various approaches to the field, explaining why media messages matter, how media businesses prosper and why media is integral to defining contemporary life.<br/><br/>The text is divided into three parts – Media texts and meanings; Producing media; and Media and social contexts – exploring the ways in which various media forms make meaning; are produced and regulated; and how society, culture and history are defined by such forms. Encouraging students to actively engage in media research and analysis, each chapter seeks to guide readers through key questions and ideas in order to empower them to develop their own scholarship, expertise and investigations of the media worlds in which we live. Fully updated to reflect the contemporary media environment, the third edition includes new case studies covering topics such as Brexit, podcasts, Love Island, Captain Marvel, Black Lives Matter, Netflix, data politics, the Kardashians, President Trump, ‘fake news’, the post-Covid world and perspectives on global media forms.<br/><br/>This is an essential introduction for undergraduate and postgraduate students of media studies, cultural studies, communication studies, film studies, the sociology of the media and popular culture. |
| Fuente proveedora |
Provided by publisher. |
| 650 #0 - PUNTO DE ACCESO ADICIONAL DE MATERIA--TÉRMINO DE MATERIA |
| Término de materia o nombre geográfico como elemento de entrada |
Mass media |
| 9 (RLIN) |
5003 |
| 700 ## - ENTRADA AGREGADA--NOMBRE PERSONAL |
| Nombre de persona |
Wall, Tim, |
| Término indicativo de función/relación |
author. |
| 9 (RLIN) |
26743 |
| 942 ## - ELEMENTOS DE ENTRADA AGREGADA (KOHA) |
| Fuente del sistema de clasificación o colocación |
Clasificación de Library of Congress |